| 000 | 00959nam a22002895a 4500 | ||
|---|---|---|---|
| 006 | m||||f ||z 00| 0 | ||
| 008 | 150805s2006 NJ a|||fr|||| 001 0 eng d | ||
| 010 | _a 2005045847 | ||
| 020 | _a0132020122 | ||
| 020 | _a9780132020121 | ||
| 040 |
_aEG-ScBUE _beng _cEG-ScBUE |
||
| 082 | 0 | 4 |
_a621.815 _bNOR _222 |
| 100 | 1 | _aNorton, Robert L. | |
| 245 | 1 | 0 |
_aMachine design : _ban integrated approach / _cRobert L. Norton, |
| 250 | _a3rd ed. | ||
| 260 |
_aUpper Saddle River, N.J : _bPearson Prentice Hall &Pearson Education, Inc. , _cc. 2006. |
||
| 300 |
_axxiv, 984 p. : _bill. ( some col.) ; _c27 cm. + _e+ 1 CD-ROM (4 3/4 in.) |
||
| 500 | _aAppendix : p. 939-972. | ||
| 500 | _aIndex : p. 973-983. | ||
| 504 | _aIncludes bibliographical references. | ||
| 590 | _aMenna ELEMAM | ||
| 650 | 0 |
_aMachine design. _2BUEsh |
|
| 651 | _2BUEsh | ||
| 653 |
_bENGMEC _cAugust2015 |
||
| 655 |
_vreading book _934232 |
||
| 942 |
_cBB _k621.815 NOR _2ddc |
||
| 999 |
_c9183 _d9183 |
||